| 000 | 01527cam a2200421 a 4500 | ||
|---|---|---|---|
| 999 |
_c650 _d650 |
||
| 001 | ocn813207871 | ||
| 003 | OCoLC | ||
| 005 | 20210616082301.0 | ||
| 008 | 120307s2013 onca b 001 0 eng d | ||
| 016 | _a20129016055 | ||
| 020 | _a0132951738 | ||
| 020 | _a9780132951739 | ||
| 035 | _a(Sirsi) a2933586 | ||
| 040 |
_aLANGC _cLANGC _dOCLCO |
||
| 050 |
_aHF5679 _b.P8996 2013 |
||
| 082 | 0 | 4 |
_a657.0285/536 _223 |
| 090 | _a657.02855 PUR | ||
| 100 | 1 |
_aPurbhoo, M., _d1949- |
|
| 245 | 1 | 0 |
_aUsing Sage Simply Accounting 2012 / _cMary Purbhoo. |
| 246 | 1 | 0 | _aSage Simply Accounting 2012 |
| 246 | 1 | 0 | _aSage Simply Accounting |
| 260 |
_aToronto : _bPearson Canada, _cc2013. |
||
| 300 |
_a806, [45] pages _billustrations ; _c28 cm. + _e1 DVD. |
||
| 336 |
_atext _btxt _2rdacontent |
||
| 337 |
_aunmediated _bn _2rdamedia |
||
| 338 |
_avolume _bnc _2rdacarrier |
||
| 500 | _a"Covers both Simply Accounting Premium 2012 and Simply Accounting Pro 2012." | ||
| 504 | _aIncludes bibliographical references and index. | ||
| 630 | 0 | 0 | _aCA-Simply accounting for Windows (Computer file) |
| 630 | 0 | 0 |
_aSimply Accounting for Windows (Computer file) _vTextbooks. |
| 630 | 0 | 0 |
_aSimply Accounting for Windows (Computer file) _vProblems, exercises, etc. |
| 650 | 0 |
_aAccounting _xComputer programs. |
|
| 650 | 0 |
_aAccounting _xComputer programs _vTextbooks. |
|
| 650 | 0 |
_aAccounting _xComputer programs _vProblems, exercises, etc. |
|
| 650 | 0 |
_aAccounting _vCase studies. |
|
| 650 | 0 |
_aAccounting _xData processing. |
|
| 942 |
_2lcc _cBK _nSO |
||